Welcome to the Holygrace Academy Library

Please use search bar below to get started

PRIDE AND PREJUDICE (Record no. 2566)

MARC details
000 -LEADER
fixed length control field 00588nam a22001457a 4500
020 ## - INTERNATIONAL STANDARD BOOK NUMBER
ISBN 978-0-143-42692-9
082 ## - DEWEY DECIMAL CLASSIFICATION NUMBER
Classification number 823
Item number AUS/P
100 ## - MAIN ENTRY--AUTHOR NAME
Personal name AUSTEN, JANE
245 ## - TITLE STATEMENT
Title PRIDE AND PREJUDICE
260 ## - PUBLICATION, DISTRIBUTION, ETC. (IMPRINT)
Place of publication UNITED STATES
Name of publisher PENGUIN BOOKS
Year of publication 2016
300 ## - PHYSICAL DESCRIPTION
Number of Pages 337
520 ## - SUMMARY, ETC.
Summary, etc Pride and Prejudice follows the turbulent relationship between Elizabeth Bennet, the daughter of a country gentleman, and Fitzwilliam Darcy, a rich aristocratic landowner. They must overcome the titular sins of pride and prejudice in order to fall in love and marry
650 ## - SUBJECT ADDED ENTRY--TOPICAL TERM
Topical Term NOVEL
Geographic subdivision UNITED STATES
942 ## - ADDED ENTRY ELEMENTS (KOHA)
Koha item type Books
Holdings
Withdrawn status Lost status Collection code Home library Current library Shelving location Date acquired Source of acquisition Cost, normal purchase price Full call number Accession Number Koha item type
    Fiction Main Library Main Library SHELF-14A -ALPHABETICAL -A--ENGLISH NOVELS & FICTIONS 18/01/2019 purchase 199.00 823 AUS/P 10499 Books